| 000 | 02184nam a22003017a 4500 | ||
|---|---|---|---|
| 005 | 20110803104520.0 | ||
| 010 | _aB-435803-807 | ||
| 020 |
_a8182634261 _c15.00 |
||
| 035 | _aB-435803-807 | ||
| 037 | _bब्ल्यूबेरी बुक्स | ||
| 082 | _aक | ||
| 100 |
_aचतुर्वेदी, पंकज _930962 |
||
| 245 |
_aयह मैं हूँ / _cपंकज चतुर्वेदी; अजीत नारायण द्वारा चित्रांकित |
||
| 246 |
_aYah main hun _bby Pankaj Chaturvedi |
||
| 250 | _a2रा हिन्दी संस्क. | ||
| 260 |
_aनई दिल्ली _bप्रथम बुक्स _c2008 |
||
| 270 |
_bनई दिल्ली _k+91 11-65684113 _mwww.prathambooks.org |
||
| 300 |
_a12पृ. _c22सेमी (अजिल्द) _bसचित्र |
||
| 700 |
_aअजीत नारायण _915991 |
||
| 700 | _929071 | ||
| 942 |
_2ddc _cCH _mचतुर्वे _hक |
||
| 999 |
_c54480 _d54480 |
||